| 000 | 02216nam a22003137a 4500 | ||
|---|---|---|---|
| 001 | 4517 | ||
| 003 | FISKH | ||
| 005 | 20251023132552.0 | ||
| 008 | 240912b cb ||||| |||| 00| 0 eng d | ||
| 020 | _a9789996346156 | ||
| 040 |
_aFISKH _bKhmer _cFISKH _dFISKH |
||
| 050 | _aPZ7 | ||
| 082 | _a890 | ||
| 100 |
_aDawn, Dim _eauthor |
||
| 245 |
_aកូនឆ្មារអនាថា/ _cនិពន្ធដោយ លោក ឌឹម ដន : ពិនិត្យអក្ខរាវិរុទ្ធដោយ អ្នកស្រី គឺមស៊ុន សុធារី |
||
| 250 | _aចេញផ្សាយខែមិនា ឆ្នាំ២០១៤ | ||
| 260 |
_aភ្នំពេញ : _bReading Books ; _c២០១៤ . |
||
| 300 |
_a20 pages : _bcolor illustrations ; _c25cm . |
||
| 505 | _aO | ||
| 520 | _aមានក្មេងរពឺសម្នាក់ឈ្មោះ សម្បត្តិ។ ថ្ងៃមួយគេបានលឺសំលេងឆ្មារយំនៅខាងមុខផ្ទះ គេក៏យកឆ្មារមកនៅក្នុងផ្ទះជាមួយ តែឪពុកម្តាយរបស់គេមិនពេញចិត្តឡើយក៏យកឆ្មារទៅបោះចោល ។តែវាមិនទៅណាឆ្ងាយទេវាត្រលប់មករកសម្បត្តិវិញហើយលោកយាយរបស់សម្បត្តិក៏យកឆ្មារទោងូតទឺកអោយស្អាត ហើយសម្បត្តិក៏បានរស់នៅជាមួយឆ្មារយ៉ាងសប្បាយរីករាយ ។ | ||
| 520 | _aThere is a young boy named Sambath. One day he heard a cat crying in front of the house, he took the cat home with him, but his parents were not happy, so they threw the cat away. Sambath's grandmother took a bath for the cat and Sambath lived happily with the cat. | ||
| 521 | 8 |
_a600
_bLexile estimate |
|
| 521 | 8 |
_aO
_bRaz-Plus |
|
| 650 | _aឆ្មារ | ||
| 650 | _acat | ||
| 700 |
_aSotheary, Kimsun _eillustrator |
||
| 942 |
_2ddc _cBK _n0 |
||
| 999 |
_c4517 _d4517 |
||